{"text_format":"3","workbook":"xls","n_sheets":3,"sheets":["Sheet1","Sheet2","Sheet3"],"read":"whole","date_system":"1900","formulas":"cached_only"}

{"sheet":"Sheet1","index":0,"n_rows":147,"n_cols":11,"rows_kept":147,"merged":[[0,0,0,10],[146,0,147,10]],"flags":["formulas_cached_only"]}
["2021年度三固化验室试剂耗材明细清单"]
["序号","名称","规格","单位","数量","品牌/厂家","单价","金额","限价（元）","限额（元）","备注"]
[1,"硝酸","分析纯/优级纯","瓶",24,{"$nulls":3},18,432]
[2,"盐酸","分析纯/优级纯","瓶",24,{"$nulls":3},14,336]
[3,"氢氟酸","优级纯","瓶",5,{"$nulls":3},26.1,130.5]
[4,"硫酸","分析纯/优级纯","瓶",24,{"$nulls":3},17.1,410.4]
[5,"双氧水","分析纯","瓶",5,{"$nulls":3},14.9,74.5]
[6,"氢氧化钠","分析纯","瓶",20,{"$nulls":3},9.9,198]
[7,"硝酸钾","分析纯","瓶",2,{"$nulls":3},28.8,57.6]
[8,"过硫酸钾（默克）","分析纯（进口，默克）","瓶",2,{"$nulls":3},550,1100]
[9,"氯化钾（基准）","分析纯","瓶",10,{"$nulls":3},22.5,225]
[10,"乙醇","分析纯","瓶",20,{"$nulls":3},11.7,234]
[11,"无水甲醇","分析纯","瓶",10,{"$nulls":3},12.1,121]
[12,"卡尔费休试剂","分析纯","瓶",10,{"$nulls":3},100,1000]
[13,"过硫酸钠","分析纯","瓶",2,{"$nulls":3},26.1,52.2]
[14,"凡士林","/","瓶",2,{"$nulls":3},19.4,38.8]
[15,"邻菲罗啉","分析纯","瓶",5,{"$nulls":3},16.2,81]
[16,"硫酸银","分析纯","瓶",2,{"$nulls":3},248,496]
[17,"硫酸汞","分析纯","瓶",2,{"$nulls":3},280,560]
[18,"硫酸亚铁铵","分析纯","瓶",2,{"$nulls":3},25.2,50.4]
[19,"邻苯二甲酸氢钾（基准）","分析纯","瓶",2,{"$nulls":3},53,106]
[20,"硫酸亚铁","分析纯","瓶",7,{"$nulls":3},16.2,113.39999999999999]
[21,"甲基红","分析纯","瓶",2,{"$nulls":3},34.2,68.4]
[22,"溴甲酚绿","分析纯","瓶",2,{"$nulls":3},35.1,70.2]
[23,"酚酞","分析纯","瓶",4,{"$nulls":3},9.9,19.8]
[24,"邻苯二甲酸氢钾pH4.00","优级纯","瓶",2,{"$nulls":3},54,108]
[25,"碳酸氢钠","优级纯","瓶",2,{"$nulls":3},14.4,28.8]
[26,"混合磷酸盐pH6.86","分析纯","瓶",2,{"$nulls":3},54,108]
[27,"铬黑T","分析纯","瓶",2,{"$nulls":3},10.8,21.6]
[28,"氯化钙","分析纯","瓶",2,{"$nulls":3},9,18]
[29,"可溶性淀粉","分析纯","瓶",2,{"$nulls":3},36,72]
[30,"乙酸","分析纯","瓶",5,{"$nulls":3},13.5,67.5]
[31,"氨水","分析纯","瓶",20,{"$nulls":3},7.2,144]
[32,"乙二胺四乙酸二钠镁盐","分析纯","瓶",2,{"$nulls":3},61.2,122.4]
[33,"亚甲基蓝，三水","分析纯","瓶",2,{"$nulls":3},33.3,66.6]
[34,"氟化钠（基准）","分析纯","瓶",1,{"$nulls":3},69.3,69.3]
[35,"氯化钾（GR）","分析纯","瓶",2,{"$nulls":3},27,54]
[36,"无水亚硫酸钠","分析纯","瓶",2,{"$nulls":3},18.9,37.8]
[37,"硫酸镁 七水","分析纯","瓶",2,{"$nulls":3},10.8,21.6]
[38,"溴甲酚紫","分析纯","瓶",2,{"$nulls":3},61.2,122.4]
[39,"苯甲酸","分析纯","瓶",2,{"$nulls":3},7.2,14.4]
[40,"无烟煤","专用","件",1,{"$nulls":3},153,153]
[41,"标准煤","分析纯","瓶",2,{"$nulls":3},153,306]
[42,"重铬酸钾","优级纯","瓶",2,{"$nulls":3},99,198]
[43,"硼氢化钾","/","瓶",5,{"$nulls":3},89.1,445.5]
[44,"氢氧化钾","/","瓶",5,{"$nulls":3},15.3,76.5]
[45,"纳式试剂","/","瓶",50,{"$nulls":3},80,4000]
[46,"酒石酸钾钠","/","瓶",5,{"$nulls":3},37.8,189]
[47,"抗坏血酸","/","瓶",5,{"$nulls":3},23.9,119.5]
[48,"硫脲","/","瓶",5,{"$nulls":3},32,160]
[49,"高氯酸","/","瓶",5,{"$nulls":3},400,2000]
[50,"钼酸铵","/","瓶",5,{"$nulls":3},216,1080]
[51,"751型　比色皿","10mm，4只/盒","只",8,{"$nulls":3},6.8,54.4]
[52,"751型　比色皿","20mm，4只/盒","只",8,{"$nulls":3},11.1,88.8]
[53,"具塞比色管","25ml","盒",5,{"$nulls":3},55.3,276.5]
[54,"具塞比色管","50ml","盒",5,{"$nulls":3},63.8,319]
[55,"扁形称量瓶","70*35mm","个",50,{"$nulls":3},12.8,640]
[56,"不锈钢镊子","12.5cm","把",50,{"$nulls":3},2,100]
[57,"不锈钢药匙","——","把",50,{"$nulls":3},1.6,80]
[58,"称量纸","100mm*100mm，500包","包",100,{"$nulls":3},6.5,650]
[59,"低形烧杯","50ml(申玻)","只",50,{"$nulls":3},2,100]
[60,"低形烧杯","100ml(申玻)","只",100,{"$nulls":3},2.7,270]
[61,"低形烧杯","250ml(申玻)","只",20,{"$nulls":3},3.4,68]
[62,"定量滤纸","11cm.中速","盒",50,{"$nulls":3},36.6,732]
[63,"定性滤纸","11cm.中速","盒",50,{"$nulls":3},14.5,290]
[64,"短管标准漏斗","150mm","支",20,{"$nulls":3},23,460]
[65,"封口膜","1卷/盒","卷",2,{"$nulls":3},130,260]
[66,"环标刻度吸管(A级)","2ml(申玻)","支",20,{"$nulls":3},6.3,126]
[67,"环标刻度吸管(A级)","5ml(申玻)","支",50,{"$nulls":3},6.6,127]
[68,"环标刻度吸管(A级)","10ml(申玻)","支",50,{"$nulls":3},7,128]
[69,"量筒","50mL","只",20,{"$nulls":3},8.2,129]
[70,"量筒","100mL","只",20,{"$nulls":3},9.9,130]
[71,"量筒","250mL","只",2,{"$nulls":3},19.6,131]
[72,"量筒","500mL","只",2,{"$nulls":3},30.6,132]
[73,"擦镜纸","/","包",200,{"$nulls":3},2,133]
[74,"碘化钾淀粉试纸","盒","盒",100,{"$nulls":3},5.4,136]
[75,"pH广泛试纸","pH 1-14（SCRC），20本/盒","盒",20,{"$nulls":3},40,800]
[76,"天平刷","包，5只/包","包",4,{"$nulls":3},47,188]
[77,"四氟磁力搅拌子","5只/包，圆柱形","包",5,{"$nulls":3},23.8,119]
[78,"纱布","包，500g/包","包",2,{"$nulls":3},66.1,132.2]
[79,"玻璃棒","/","支",20,{"$nulls":3},1.1,22]
[80,"塑料瓶、水剂瓶","50ml毫升","只",500,{"$nulls":3},0.9,450]
[81,"塑料瓶、水剂瓶","100ml毫升","只",500,{"$nulls":3},1.1,550]
[82,"具四氟滴定管","50mL","支",2,{"$nulls":3},85.7,171.4]
[83,"瓷蒸发皿","100ml","只",30,{"$nulls":3},4.1,123]
[84,"瓷坩埚","100mL,20只/盒","盒",10,{"$nulls":3},154,1540]
[85,"聚乙烯瓶","500 mL","只",100,{"$nulls":3},2.7,270]
[86,"有机玻璃比色管架","10ml*12","只",5,{"$nulls":3},47.6,238]
[87,"有机玻璃比色管架","25ml*12","只",5,{"$nulls":3},47.6,272]
[88,"有机玻璃比色管架","50ml*12","只",5,{"$nulls":3},47.6,238]
[89,"有机玻璃吸管架","梯形","只",10,{"$nulls":3},42.5,425]
[90,"有机玻璃吸管架","圆盘","只",10,{"$nulls":3},59.5,595]
[91,"棕色滴瓶","125mL","支",10,{"$nulls":3},5.1,51]
[92,"棕色小口试剂瓶","250ml（申玻）","只",50,{"$nulls":3},10,500]
[93,"棕色小口试剂瓶","500ml（申玻）","只",20,{"$nulls":3},15.3,306]
[94,"小口试剂瓶","250ml（申玻）","只",50,{"$nulls":3},8.3,415]
[95,"小口试剂瓶","500ml（申玻）","只",20,{"$nulls":3},11.1,222]
[96,"三乙胺","AR(500mL)","瓶",10,{"$nulls":3},38.2,382]
[97,"钠柱","/","盒",20,{"$nulls":3},1100,22000]
[98,"固相萃取柱","/","盒",30,{"$nulls":3},1000,30000]
[99,"过滤头","0.22μm(水系）","只",5000,{"$nulls":3},0.9,4500]
[100,"坩埚钳","/","把",5,{"$nulls":3},13.9,69.5]
[101,"氯化钡","AR","瓶",10,{"$nulls":3},18.5,185]
[102,"酒石酸锑钾","AR","瓶",2,{"$nulls":3},94.8,189.6]
[103,"防烫手套","/","副",5,{"$nulls":3},25.7,128.5]
[104,"碘化钾试纸","/","盒",50,{"$nulls":3},7,350]
[105,"乙酸铅试纸","/","盒",50,{"$nulls":3},8.8,440]
[106,"氰化物试纸","/","盒",25,{"$nulls":3},800,20000]
[107,"石蕊试纸","/","盒",50,{"$nulls":3},10.4,520]
[108,"电阻炉","二联","个",2,{"$nulls":3},260,520]
[109,"取样瓶","100ml","个",500,{"$nulls":3},1.7,850]
[110,"一次性量杯","100ml","个",3000,{"$nulls":3},0.5,1500]
[111,"比色皿","30mm","个",4,{"$nulls":3},13,52]
[112,"废液桶","50L","个",20,{"$nulls":3},104,2080]
[113,"吸油毡","/","张",10,{"$nulls":3},4.7,47]
[114,"滤纸","60*60cm","张",100,{"$nulls":3},2.1,210]
[115,"乳胶管","9mm×50m","卷",1,{"$nulls":3},4.4,4.4]
[116,"麦拉膜","TF-160（76mm×91.4m）、6μm","卷",2,{"$nulls":3},1820,3640]
[117,"COD专用氧化剂","5-200mg/L","瓶",25,{"$nulls":3},152.1,3802.5]
[118,"COD专用氧化剂","200-2000mg/L","瓶",25,{"$nulls":3},152.1,3802.5]
[119,"COD复合催化剂","/","瓶",25,{"$nulls":3},152.1,3802.5]
[120,"蔗糖","/","瓶",10,{"$nulls":3},32.4,324]
[121,"重金属混标（铜、锌、铅、镉等等）","/","支",3,{"$nulls":3},900,2700]
[123,"铍质控","/","支",3,{"$nulls":3},100,300]
[124,"汞质控","/","支",3,{"$nulls":3},100,300]
[125,"银标液","/","支",3,{"$nulls":3},50,150]
[126,"银质控","/","支",3,{"$nulls":3},32.4,162]
[127,"烧杯","500mL","盒",5,{"$nulls":3},6.2,31]
[128,"容量瓶","100mL","盒",10,{"$nulls":3},15.3,153]
[129,"容量瓶","50mL","盒",10,{"$nulls":3},22.6,226]
[130,"一次性药勺","/","个",3000,{"$nulls":3},0.4,1200]
[131,"密封袋","小号","只",2000,{"$nulls":3},0.17,340]
[132,"pH电极","雷磁","支",3,{"$nulls":3},410,1230]
[133,"聚四氟乙烯坩埚","50ml","个",20,{"$nulls":3},44.2,884]
[134,"温湿度计","/","个",20,{"$nulls":3},65,1300]
[135,"轻质氧化镁","/","瓶",2,{"$nulls":3},75,150]
[136,"硼酸","/","瓶",3,{"$nulls":3},29,87]
[137,"溴百里酚蓝","/","瓶",2,{"$nulls":3},80,160]
[138,"七种无机阴离子","1000mg/L，100ml","瓶",3,{"$nulls":3},800,2400]
[139,"一次性滴管","/","包",20,{"$nulls":3},60,1200,"/"]
[140,"硫代硫酸钠","AR 500g","瓶",2,{"$nulls":3},100,200]
[141,"聚四氟乙烯乙烯液体取样器","/","个",2,{"$nulls":3},650,1300]
[142,"取样瓶","250mL","个",500,{"$nulls":3},3.84,1920]
[143,"取样瓶","500mL","个",500,{"$nulls":3},5,2500]
[145,"　塑料桶","2L","个",50,{"$nulls":3},10,500]
["合计",{"$nulls":8},147759.9]
["备注：\n1、采购量为全年度的用量。2、根据需求分批到货。"]

{"sheet":"Sheet2","index":1,"n_rows":0,"n_cols":0,"rows_kept":0,"flags":["formulas_cached_only"]}

{"sheet":"Sheet3","index":2,"n_rows":0,"n_cols":0,"rows_kept":0,"flags":["formulas_cached_only"]}